Random NBA Players Colleges #3 (Hard) - Statistics

General Stats
  • This quiz has been taken 20 times
  • The average score is 8 of 15
Answer Stats
Hint Answer % Correct
Anthony Edwards Georgia
83%
Johnny Juzang UCLA
83%
Michael Carter-Williams Syracuse
78%
Michael Porter Jr. Missouri
67%
Kris Dunn Providence
56%
Tobias Harris Tennessee
56%
Moses Moody Arkansas
50%
Eric Gordon Indiana
50%
Herbert Jones Alabama
44%
Luguentz Dort Arizona State
44%
Terry Rozier Louisville
44%
Reggie Jackson Boston College
33%
Landry Shamet Wichita state
28%
Bruno Fernando Maryland
22%
Sandro Mamukelashvili Seton Hall
22%
No matching quizzes found
Score Distribution
Percent of People with Each Score
Percentile by Number Answered
Your Score History
You have not taken this quiz